00521nam a2200157Ia 4500008004100000041000800041082001200049100002100061245004500082250001400127260004300141300003300184365000500217999001500222952012600237240624s9999 xx 000 0 und d aeng a657 WER aWERNER MICHAEL L aINTRODUCTION TO FINANCIAL ACCOUNTING A U a(3rd ed.) c2004aSingaporebPearson Prentice Hall axviii, : 574 : p. : cm. ; 28 c c6207d6207 00104070aIMTNbIMTNcRack 21-Ad2007-09-12eIBHg14.50n1015o657 WERp6207r2024-06-24 00:00:00t43.1w2024-06-24yBK